00502nam a2200157Ia 450000500170000000800410001708200130005810000150007124500540008626000410014030000120018150000310019394200060022495200990023099900150032920250318043058.0240331s9999 xx 000 0 und d bKESa894 aKesavan, K 0aPuranach charpuk kathaippadalkalil aan penn uravu aThiruchibPuthumai Pathippagamc1987 a80 p ., aGender Related Story Book cL 001040708LaWERCLbWERCLcSSCd2024-03-31l0o 894.811 KESp2229r2024-03-31w2024-03-31yL c4039d4039